Dreierpotenzen von 1-10 in 20 Sekunden - Statistiken

Allgemein
  • Dieses Quiz wurde 341 mal gespielt
  • Das Durchschnittsergebnis liegt bei 5 aus 10
Antwortstatistiken
Zahl Ergebnis % Korrekt
3
99%
9
98%
27
93%
3⁴ 81
74%
3⁵ 243
52%
3⁶ 729
30%
3⁷ 2187
13%
3⁸ 6561
3%
3⁹ 19683
2%
3¹⁰ 59049
2%
Keine übereinstimmenden Quizze gefunden
Verteilung der Resultate
Anzahl Personen mit jedem Resultat
Perzentil nach korrekt beantworteten Fragen
Ihre Resultats-Entwicklung
Sie haben dieses Quiz noch nicht gespielt